000 00436cam a2200181ua 4500
001 7300
008 141206n ii |||gr||||Z||||||ben
040 _cMAIN
041 _aben
082 _a891.444
100 _aChattupadhyaya, B.,
_eAuthor.
245 1 _aKamalakantebor Doptar
_cBy Bankimchndra Chattupadhyaya
250 _a2nd.
260 _aKolkatta:
_bOrient,
_c1961.
300 _a150p.
653 _aBengali essays
942 _cBK
999 _c6425
_d6425